000 00392cam a22001217a 4500
008 180718b1984 xxu||||| |||| 00| 0 eng d
082 _aA81x54 In2/81/2/Pt2B
100 _aCensus of India 1981
245 _aAndhra Pradesh: primary census abstract
260 _aDelhi
_bController of Publications
_c1984
300 _a282+p.
440 _aCensus of India 1981. Series-2, Andhra Pradesh. Part II-B
999 _c481916
_d481916